| 000 | 00599nam a2200241Ia 4500 | ||
|---|---|---|---|
| 008 | 160517s9999 xx 000 0 und d | ||
| 020 | _a0-619-16021-7 | ||
| 050 | _aComSc QA 76.63 | ||
| 050 | _b.F37 2004 | ||
| 100 | _aFarrell, Joyce. | ||
| 245 | _aProgramming logic and design / | ||
| 245 | _cJoyce Farrell. | ||
| 250 | _a3rd Edition | ||
| 260 | _aAustralia : | ||
| 260 | _bThomson Course Tech., | ||
| 260 | _c2004 | ||
| 300 | _aI-25 pages : | ||
| 300 | _bcol. ill. ; | ||
| 300 | _c23 cm. | ||
| 500 | _aIncludes index. | ||
| 650 | _aLogic programming. | ||
| 650 | _xLogic design. | ||
| 999 |
_c294215 _d294215 |
||